| 000 | 00380nam a2200157Ia 4500 | ||
|---|---|---|---|
| 008 | 230917s9999||||xx |||||||||||||| ||und|| | ||
| 040 |
_e23410 _aMAIN |
||
| 041 | _aEnglish | ||
| 082 | _a153.8 M379M | ||
| 100 | _aMaslow, Abraham H | ||
| 245 | 0 | _aMotivation and personality | |
| 250 | _a3rd ed. | ||
| 260 |
_aNew York _bHarper & Row _c1987 |
||
| 300 | _axv, 293 p. | ||
| 942 | _cBK | ||
| 999 |
_c56804 _d56804 |
||